[Event "Riga Tal Memorial rapid"]
[Site "Riga"]
[Date "2019.07.16"]
[Round "1"]
[White "Zarovs, Aleksandrs"]
[Black "Grachev, Boris V"]
[Result "1/2-1/2"]
[WhiteElo "1820"]
[BlackElo "2621"]
[PlyCount "54"]
[EventDate "2019.07.16"]
[EventType "swiss (rapid)"]
[EventRounds "11"]
[EventCountry "LAT"]
[SourceTitle "CBM 191 Extra"]
[Source "ChessBase"]
[SourceDate "2019.09.30"]
[SourceVersion "1"]
[SourceVersionDate "2019.09.30"]
[SourceQuality "1"]

1. e4 c5 2. Nf3 e6 3. Nc3 Nc6 4. Bb5 Nd4 5. 0-0 a6 6. Be2 Ne7 7. d3 Nec6 8. Bf4 d6 9. Qd2 h6 10. Bg3 Be7 11. Nxd4 cxd4 12. Nd1 Bh4 13. Bxh4 Qxh4 14. g3 Qe7 15. c3 e5 16. f4 Bh3 17. Re1 Be6 18. Nf2 h5 19. Bf3 f6 20. Kg2 g5 21. f5 Bf7 22. Be2 g4 23. Rg1 0-0-0 24. Qc2 Kb8 25. c4 Qf8 26. a3 Qh6 27. Qc1 Qh7 1/2-1/2

[Event "Keres Memorial rap 28th"]
[Site "Tallinn"]
[Date "2019.01.12"]
[Round "1"]
[White "Zarovs, Aleksandrs"]
[Black "Turov, Maxim"]
[Result "0-1"]
[WhiteElo "1833"]
[BlackElo "2585"]
[PlyCount "100"]
[EventDate "2019.01.12"]
[EventType "swiss (rapid)"]
[EventRounds "11"]
[EventCountry "EST"]
[SourceTitle "CBM 188 Extra"]
[Source "ChessBase"]
[SourceDate "2019.02.26"]
[SourceVersion "1"]
[SourceVersionDate "2019.02.26"]
[SourceQuality "1"]

1. e4 c6 2. d4 d5 3. Nc3 dxe4 4. Nxe4 Bf5 5. Ng3 Bg6 6. h4 h6 7. Nf3 Nf6 8. Ne5 Bh7 9. Bc4 e6 10. Qe2 Nd5 11. c3 Nd7 12. Nh5 Nxe5 13. Qxe5 Rg8 14. Bxd5 Qxd5 15. Qxd5 cxd5 16. Be3 b5 17. a3 Kd7 18. Kd2 Be7 19. Nf4 a5 20. Nd3 f6 21. f3 Bxd3 22. Kxd3 h5 23. g3 e5 24. Rad1 Bd6 25. dxe5 fxe5 26. Kc2 Kc6 27. Rd2 Rad8 28. Rhd1 Bc7 29. b3 Rgf8 30. Bg5 Rd7 31. Rd3 a4 32. b4 Rff7 33. R1d2 g6 34. Rd1 Rf8 35. R1d2 Re8 36. Rd1 e4 37. fxe4 Rxe4 38. Rf3 Be5 39. Rdd3 d4 40. cxd4 Rdxd4 41. Rxd4 Rxd4 42. Bf6 Rc4+ 43. Kb1 Bd6 44. Bb2 Rg4 45. Rc3+ Kd7 46. Bc1 Rxg3 47. Rxg3 Bxg3 48. Bg5 Ke6 49. Kc2 Kf5 50. Kd3 Be5 0-1

[Event "Pardubice op rapid 29th"]
[Site "Pardubice"]
[Date "2018.07.19"]
[Round "5"]
[White "Vusatiuk, Vladimir"]
[Black "Zarovs, Aleksandrs"]
[Result "1-0"]
[WhiteElo "2321"]
[BlackElo "1836"]
[PlyCount "67"]
[EventDate "2018.07.18"]
[EventType "swiss (rapid)"]
[EventRounds "9"]
[EventCountry "CZE"]
[SourceTitle "CBM 185 Extra"]
[Source "ChessBase"]
[SourceDate "2018.07.29"]
[SourceVersion "1"]
[SourceVersionDate "2018.07.29"]
[SourceQuality "1"]

1. d4 Nf6 2. Nf3 e6 3. Nbd2 c5 4. e3 b6 5. Bd3 Bb7 6. b3 Be7 7. Bb2 d6 8. 0-0 0-0 9. c4 cxd4 10. exd4 d5 11. Ne5 Nbd7 12. Qe2 Nxe5 13. dxe5 Nd7 14. Rad1 Nc5 15. Bb1 a5 16. f4 f6 17. exf6 Bxf6 18. Qh5 h6 19. Be5 Qe8 20. Qxe8 Raxe8 21. Bg6 Bxe5 22. fxe5 Rxf1+ 23. Rxf1 Rf8 24. Bh7+ Kxh7 25. Rxf8 Nd3 26. Re8 dxc4 27. bxc4 Nxe5 28. Rxe6 Nd7 29. Rd6 Bc8 30. Kf2 Kg8 31. Ne4 Kf8 32. c5 bxc5 33. Nxc5 Ke7 34. Rc6 1-0

[Event "Kopavogur Baldursson Memorial"]
[Site "Kopavogur"]
[Date "2018.01.05"]
[Round "4"]
[White "Briem, Stephan"]
[Black "Zarovs, Aleksandrs"]
[Result "1/2-1/2"]
[WhiteElo "1890"]
[BlackElo "1831"]
[PlyCount "62"]
[EventDate "2018.01.04"]
[EventType "swiss"]
[EventRounds "7"]
[EventCountry "ISL"]
[SourceTitle "CBM 182 Extra"]
[Source "ChessBase"]
[SourceDate "2018.02.23"]
[SourceVersion "1"]
[SourceVersionDate "2018.02.23"]
[SourceQuality "1"]

1. d4 Nf6 2. c4 e6 3. Nf3 b6 4. g3 Bb7 5. Bg2 Be7 6. 0-0 0-0 7. b3 d5 8. Ne5 Nbd7 9. Nd2 c5 10. e3 Bd6 11. Bb2 Qc7 12. f4 Ne4 13. Nxe4 dxe4 14. Qc2 f5 15. Rad1 Nf6 16. Qe2 Rad8 17. h3 Bxe5 18. fxe5 Ne8 19. g4 g6 20. Rf2 Qe7 21. Rdf1 Nc7 22. Bh1 Rf7 23. Kh2 Rdf8 24. gxf5 Rxf5 25. Rxf5 Rxf5 26. Rxf5 gxf5 27. Qh5 Ne8 28. Qh6 Ng7 29. Bg2 cxd4 30. exd4 Qf7 31. Bc1 e3 1/2-1/2